000 01671nam a2200325 i 4500
001 991061720878906706
003 ES-BaIT
005 20260225080916.0
008 260225e202404 fr a r 000 d fre c
020 _a9782749816302
040 _aES-BaIT
_bcat
_erda
_cES-BaIT
080 _a840-2"20"
100 1 _aLe Bricquir, Nicolas
_eautor
_9168678
245 1 0 _aDenali /
_cNicolas Le Bricquir
264 1 _aParis :
_bL'avant-scène théatre,
_cavril 2024
300 _a88 pàgines, 12 pàgines sense numerar :
_bi·llustracions ;
_c21 cm
336 _atext
_btxt
_2rdacontent
336 _aimatge fixa
_bsti
_2rdacontent
337 _asense mediació
_bn
_2rdamedia
338 _avolum
_bnc
_2rdacarrier
490 1 _aL'Avant-scène théâtre ;
_vno 1556
500 _aP11: D3, H8 i altres
500 _aPublicat com no 1556 (avril 2024) de la revista L'Avant-scène théâtre
520 _a"Coup de tonnerre dans la ville d'Anchorage en Alaska ; Cynthia, 19 ans, est retrouvée sans vie dans la rivière Eklutna. Ligotée, bâillonnée, elle a été abattue d'une balle dans la nuque. Qu s'est-il passé la nuit du drame? Que faisait-elle dans le bois, avec ses amis Denali et Kayden, que tout semble accuser? La vérité, à chercher au-delà des apparences, est à la fois complexe et glaçante de simplicité. Les détectives sauront-ils remonter les pistes, comprendre cette jeunesse sous emprise, biberonnée aux résaux sociaux et à la illusion de l'argent facile?"-- Contracoberta
650 0 _aAssassinat
_vTextos dramàtics
_9150159
830 _aAvant-scène.
_pThéâtre
_vno 1556
_9168170
908 _aCDMAE
940 _aCDMAE
942 _2udc
_c1
999 _c137130
_d137130